Normal view
MARC view
- شوشاري، صلاح الدين محمد
Entry Personal Name
001 - CONTROL NUMBER
- control field: 50199
003 - CONTROL NUMBER IDENTIFIER
- control field: JO-AjAnu
005 - DATE AND TIME OF LATEST TRANSACTION
- control field: 20230606082251.0
008 - FIXED-LENGTH DATA ELEMENTS
- fixed length control field: 230606|| aca||aabn | a|a d
040 ## - CATALOGING SOURCE
- Original cataloging agency: JO-AjAnu
- Transcribing agency: JO-AjAnu
100 ## - HEADING--PERSONAL NAME
- Personal name: شوشاري، صلاح الدين محمد
670 ## - SOURCE DATA FOUND
- Source citation: Work cat.: (JO-AjAnu)25666: شوشاري، صلاح الدين محمد , author, شرح التعديلات الجديدة في قانون المالكين والمستأجرين المعدل رقم 17 لسنة 2009 والمعدل رقم 43 لسنة 2010